000 00878nam a2200229 i 4500
001 139246
003 ES-MaACL
005 20250828040953.0
007 t|
008 070214s1957 sp r ||||1| spa d
100 1 _aSciacca, Michele Federico.
_9104923
245 1 3 _aEl problema de la educación en la historia del pensamiento occidental /
_cMichele Federico Sciacca ; [traducción directa de la versión italiana, completada por el autor para la edición española por Juan José Ruiz Cuevas].
250 _a1ª ed.
260 _aBarcelona :
_bLuis Miracle,
_c1957.
300 _a533 p. ;
_c22 cm.
490 1 _aBiblioteca filosófica ;
_v11
650 7 _aEducación-
_vHistoria
_2
_9143620
700 1 _aRuiz Cuevas, Juan José.
_9100717
830 0 0 _aBiblioteca filosófica
_v11
_9179275
852 _aES-MaACL
_jC-12006
_bR.40188
999 _c139246
_d139246